| 000 | 00568nam a2200217Ia 4500 | ||
|---|---|---|---|
| 008 | 230125s9999 xx 000 0 und d | ||
| 020 | _a81-314-1174-x | ||
| 041 | _aeng | ||
| 082 |
_a658.159 _bPAI |
||
| 100 |
_aPain A K, Ed. _9108220 |
||
| 245 | _aCapital Markets in India : Revitalising the Economy | ||
| 250 | _a1st Ed. | ||
| 260 |
_c2007 _bICFAI publication _aHyderabad |
||
| 300 | _a281p | ||
| 440 | _aICFAI | ||
| 500 | _aCapital market | ||
| 650 | _aFinancial Management | ||
| 700 |
_aPain A K, Ed. _9108220 |
||
| 906 | _b143 | ||
| 999 |
_c85030 _d85030 |
||